000 00562nam a2200205Ia 4500
005 20250326144125.0
008 250326s9999 xx 000 0 und d
037 _aTextbook
040 _aFMSL
_beng
_cFMSL
041 _aeng
_2eng
084 _aX:8(J):89ZB P7
_qFMSL
100 _aWorld Bank
245 0 _aWorld development report : 2007
_cWorld Bank
260 _aWasington
_bWasington, World Bank
_c2007
300 _a192p
365 _b1025.1800000000001
650 _aFice
942 _cTB
_hX:8(J):89ZB P7
999 _c1302451
_d1302451